000 00868cam a22002531 4500
001 000001313
005 20200929145535.0
008 770506s1965 it f b 000 0 ita
010 _a76217969
040 _aDO-SdBNP
_cDLC
_dDLC
043 _af-ua---
050 0 0 _aDT62.S8
_bF53
110 1 _aFlorence.
_bMuseo archeologico.
_94440
245 1 3 _aLe stele egiziane del Nuovo Regno. /
_c[Catalogo di] Sergio Bosticco.
260 _a[Roma] :
_bIstituto poligrafico dello Stato, Libreria dello Stato,
_c[1965].
300 _a82 p. :
_bplates. ;
_c26 cm.
490 1 _aCataloghi dei musei e gallerie d'Italia
504 _aIncludes bibliographies.
650 0 _aStele (archaeology)
_zEgypt.
_94441
700 1 _aBosticco, Sergio.
_94442
830 0 _aCataloghi dei musei e gallerie d'Italia (Unnumbered)
_94443
910 _aCatalogación por copia / LC
910 _aDC
999 _c1250
_d1250